书目信息 |
| 题名: |
国外效益审计简介
|
|
| 作者: | 本书组编 | |
| 分册: | ||
| 出版信息: | 北京 中国时代经济出版社 2003.09 |
|
| 页数: | 295页 | |
| 开本: | 20cm | |
| 丛书名: | ||
| 单 册: | ||
| 中图分类: | F239.42 | |
| 科图分类: | ||
| 主题词: | 审计 | |
| 电子资源: | ||
| ISBN: | 7-80169-453-8 | |
| 000 | 00508nam0 2200181 450 | |
| 001 | 0835616963 | |
| 005 | 20080610095509.86 | |
| 010 | @a7-80169-453-8@dCNY20.00 | |
| 100 | @a20080610d2003 km y0chiy0120 ea | |
| 101 | 0 | @achi |
| 102 | @aCN@b110000 | |
| 200 | 1 | @a国外效益审计简介@Aguo wai xiao yi shen ji jian jie@f本书组编@Fben shu zu bian |
| 210 | @a北京@c中国时代经济出版社@d2003.09 | |
| 215 | @a295页@d20cm | |
| 606 | 0 | @a审计 |
| 690 | @aF239.42@v4 | |
| 801 | 0 | @aCN@bNISOFT@c20080610 |
| 905 | @aBZT@dF239.42@e1 | |
| 国外效益审计简介/本书组编.-北京:中国时代经济出版社,2003.09 |
| 295页;20cm |
| ISBN 7-80169-453-8:CNY20.00 |
| ● |
| 相关链接 |
|
|
|
正题名:国外效益审计简介
索取号:F239.42/1
 
预约/预借
| 序号 | 登录号 | 条形码 | 馆藏地/架位号 | 状态 | 备注 |
| 1 | 674127 | 2000674127 | 中心书库北库/ 北库009架A面1列3层33/ [索取号:F239.42/1] | 在馆 | |
| 2 | 674128 | 2000674128 | 中心书库北库/ 北库009架A面1列3层34/ [索取号:F239.42/1] | 在馆 | |
| 3 | 674129 | 2000674129 | 中心书库北库/ 北库009架A面1列3层35/ [索取号:F239.42/1] | 在馆 | |
| 4 | 674130 | 2000674130 | 中心书库北库/ 北库009架A面1列3层36/ [索取号:F239.42/1] | 在馆 | |
| 5 | 674131 | 2000674131 | 中心书库北库/ 北库009架A面1列3层37/ [索取号:F239.42/1] | 在馆 | |
| 6 | 674132 | 2000674132 | 中心书库北库/ 北库009架A面1列3层38/ [索取号:F239.42/1] | 在馆 | |
| 7 | 674133 | 2000674133 | 中心书库北库/ 北库009架A面1列3层29/ [索取号:F239.42/1] | 在馆 | |
| 8 | 674134 | 2000674134 | 中心书库北库/ 北库009架A面1列3层31/ [索取号:F239.42/1] | 在馆 | |
| 9 | 674135 | 2000674135 | 中心书库北库/ 北库009架A面1列3层30/ [索取号:F239.42/1] | 在馆 | |
| 10 | 674136 | 2000674136 | 中心书库北库/ 北库009架A面1列3层32/ [索取号:F239.42/1] | 在馆 |